Tilastot visalle Italian naapurimaat

Klikkaa tästä pelataksesi tätä visaa!

Yleistilastot

  • Tätä visaa on pelattu 558 kertaa
  • Keskiarvotulos 5 / 6

Vastaustilastot

Valtio% Oikein
Ranska
90%
Sveitsi
88%
Itävalta
85%
Vatikaani
79%
San Marino
74%
Slovenia
72%

Tulosjakauma

Persentiili vastausten määrän mukaan

Jokaisen tuloksen saaneiden osuus

Tuloshistoriasi

Et ole pelannut tätä visaa